00556 a2200157 4500020001500000020001800015082001200033100002300045245015300068250001200221260003100233300002100264490004000285700003300325830004000358 a0387332855 a978038733285704a514.7421 aLapidus, Michel L.10aFractal geometry, complex dimensions and zeta functions :bgeometry and spectra of fractal strings /cMichel L. Lapidus, Machiel van Frankenhuijsen. a1st ed. a[S.l.] :bSpringer,c2006. a488 p. ;c24 cm.1 aSpringer monographs in mathematics.1 aFrankenhuijsen, Machiel van. 0aSpringer monographs in mathematics.